LEADER 00831nam0-2200313-i-450 001 990009839990403321 005 20170718092738.0 035 $a000983999 035 $aFED01000983999 035 $a(Aleph)000983999FED01 035 $a000983999 100 $a20140319d1984----km-y0itay50------ba 101 0 $aita 102 $aIT 105 $ay-------001yy 200 1 $aBilly Wilder$fdi Alessandro Cappabianca 210 $aFirenze$cLa nuova Italia$d1984 215 $a126 p.$d17 cm 225 1 $a<>castoro cinema$v30 610 0 $aWilder, Billy 676 $a791.430233092$v22$zita 700 1$aCappabianca,$bAlessandro$035826 801 0$aIT$bUNINA$gRICA$2UNIMARC 901 $aBK 912 $a990009839990403321 952 $aDIC WIL 2$fBFS$b471 959 $aBFS 996 $aBilly Wilder$9209229 997 $aUNINA LEADER 01370nam 22003612 450 001 9910146222703321 005 20230828224543.0 010 $a88-7923-107-3 035 $a(CKB)1000000000279676 035 $a(ItFiC)it9864081X 035 $a(MH)011326308-2 035 $a(EXLCZ)991000000000279676 100 $a20050504d1976 uy 0 101 0 $aita 200 10$aGiudizio e sillogismo in Kant e in Hegel /$fLuigi Scaravelli ; a cura di Mario Corsi$b[electronic resource] 210 $aRoma $cCadmo$d1976 215 $a1 online resource (viii, 78 p.) 225 0$aOpuscoli filosofici 300 $aImmanuel Kant (1724-1804); Georg Wilhelm Friedrich Hegel (1770-1831). 320 $aIncludes bibliographical references. 517 $aGiudizio e sillogismo in Kant e in Hegel 606 $aJudgment (Logic) 615 0$aJudgment (Logic) 676 $a121 700 $aScaravelli$b Luigi$f1894-1957.$0154716 801 0$bItFiC 801 1$bItFiC 801 2$bMH 906 $aBOOK 912 $a9910146222703321 996 $aGiudizio e sillogismo in Kant e in Hegel$9193387 997 $aUNINA 999 $aThis Record contains information from the Harvard Library Bibliographic Dataset, which is provided by the Harvard Library under its Bibliographic Dataset Use Terms and includes data made available by, among others the Library of Congress